000 02114cam a22002535a 4500
001 17965030
005 20151215141532.0
008 131205t2014 flua frb 001 0 eng d
020 _a9780415564755 (hardback)
040 _aDLC
_beng
_cDLC
_dDLC
_dEG-ScBUE
082 0 4 _a620.13692
_222
_bDYE
100 1 _aDyer, Thomas D.
_938927
245 1 0 _aConcrete durability /
_cThomas Dyer.
260 _aBoca Raton :
_bCRC Press / Taylor and Francis Group,
_cc.2014.
300 _axv, 431 p. :
_bill. ;
_c24 cm.
500 _aIndex : p. 403-431.
504 _aIncludes bibliographical references.
520 _a"As more importance is being placed on the whole-life performance of structures, demand is growing for long service lives with minimal maintenance requirements. Indeed it is increasingly common for infrastructure to be kept in operation beyond its originally intended service life. And over the past decade the introduction across Europe of new standards has drawn more attention to the issue of durability of concrete structures. Thus, the durability of construction materials is of more concern to civil engineers than ever before.Concrete is highly durable and also provides protection to steel reinforcement. However, concrete structures are frequently required to function in a wide range of multi-aggressive environments for long periods of service. And measures to optimize their durability performance often conflict with structural and aesthetic design requirements.This book examines each of the major physical and chemical mechanisms which threaten the durability of concrete and addresses the options available for achieving appropriate durability, with emphasis on the approaches addressed by standards. It also covers procedures for durability assessment and testing of structures, and repair and rehabilitation methods. It is has been written with an audience of graduate students and young professionals in mind"--
650 0 _aConcrete
_xDeterioration.
_2BUEsh
650 0 _aConcrete
_xService life.
_2BUEsh
651 _2BUEsh
653 _bENGGEN
_cJune2015
_cDecember2015
942 _2ddc
999 _c20041
_d20013